书目信息 |
| 题名: |
珠算新法
|
|
| 作者: | 张建忠 , 李福民 编 | |
| 分册: | ||
| 出版信息: | 郑州 河南科学技术出版社 1981 |
|
| 页数: | 90页 | |
| 开本: | 19cm | |
| 丛书名: | ||
| 单 册: | ||
| 中图分类: | O121.5 | |
| 科图分类: | ||
| 主题词: | 珠算--方法 | |
| 电子资源: | ||
| ISBN: | ||
| 000 | 00663nam0 2200241 45 | |
| 001 | 0181009908 | |
| 005 | 20060818090937.59 | |
| 010 | @dCNY0.28 | |
| 091 | @a7245.1 | |
| 100 | @a19950324d1981 em y0chiy0121 ea | |
| 101 | 0 | @achi |
| 102 | @aCN@b410000 | |
| 105 | @ay z 000yy | |
| 200 | 10 | @a珠算新法@Azhu suan xin fa@f李福民, 张建忠编@Fli fu min,zhang jian zhong bian |
| 210 | @a郑州@c河南科学技术出版社@d1981 | |
| 215 | @a90页@d19cm | |
| 606 | @a珠算@x方法 | |
| 690 | @aO121.5@v3 | |
| 701 | 0 | @a张建忠@Azhang jian zhong@4编 |
| 701 | 0 | @a李福民@Ali fu min@4编 |
| 801 | 0 | @aCN@bTSSF@c20060818 |
| 801 | 2 | @aCN@bNLC@c20060727 |
| 905 | @a10447@dO121.5@e124 | |
| 珠算新法/李福民, 张建忠编.-郑州:河南科学技术出版社,1981 |
| 90页;19cm |
| ISBN :CNY0.28 |
| ● |
| 相关链接 |
|
|
|
|
正题名:珠算新法
索取号:O121.5/124
 
预约/预借
| 序号 | 登录号 | 条形码 | 馆藏地/架位号 | 状态 | 备注 |
| 1 | 0057142 | 001245628 | 密集书库/ [索取号:O121.5/124] | 在馆 | |
| 2 | 0057143 | 001245637 | 密集书库/ [索取号:O121.5/124] | 在馆 | |
| 3 | 0057144 | 001245646 | 密集书库/ [索取号:O121.5/124] | 在馆 | |
| 4 | 0057145 | 001245904 | 密集书库/ [索取号:O121.5/124] | 在馆 | |
| 5 | 0057146 | 001245673 | 密集书库/ [索取号:O121.5/124] | 在馆 | |
| 6 | 0442453 | 204424532 | 密集书库/ [索取号:O121.5/124] | 在馆 | |
| 7 | 0465599 | 204655998 | 密集书库/ [索取号:O121.5/124] | 在馆 |